Statistics for Dansk Trivia #1

Click here to take the quiz!

General Stats

  • This quiz has been taken 409 times
  • The average score is 7 of 10

Answer Stats

SpørgsmålSvar% Correct
Danmark vandt som bekendt EM i 1992 med scoren 2 - 0. Men hvilket land var modstander i finalen?Tyskland
95%
København bliver i september 1807 udsat for et voldsomt bombardement. Hvilket land stod bag dette?Storbritannien
92%
I 1949 melder Danmark sig ind i en organisation, som involverer både politisk og militært forsvarssamarbejde. Hvad hedder denne organisation?NATO
88%
I 1999 rammer den hidtil kraftigste orkan Danmark. Men i hvilken måned rammer den Danmark?December
87%
Det meste af Danmark bliver befriet fra Nazi-Tyskland i maj 1945. Hvilken del af Danmark må dog vente indtil april 1946 på befrielse?Bornholm
81%
Det lykkedes Danmark at sælge en ø-gruppe til USA i 1917. Hvad hed disse øer?De Vestindiske Øer
70%
I december 2008 bliver firmaet IT-Factory involveret i en dramatisk bedragerisag. Hvad hed direktøren?Stein Bagger
69%
I 1864 lider Danmark et betydeligt militært tab. Hvad hedder området, hvor kampene fandt sted?Dybbøl
67%
"Der er ikke fejet noget ind under gulvtæppet" -- hvilken politiker udtaler dette i en tale til Folketinget i april 1989?Poul Schlüter
50%
Hvilken politiker sammenlignede i 1971 skattesnydere med jernbanesabotører under 2. verdenskrig?Mogens Glistrup
45%

Score Distribution

Percentile by Number Answered

Percent of People with Each Score

Your Score History

You have not taken this quiz